W jaki sposób zginęły te osoby? - Statystyki

Ogólne statystyki
  • Ten quiz został rozwiązany 509 razy
  • Średni wynik to 7 z 15
Statystyki odpowiedzi
Osoby Przyczyna śmierci % Poprawnych
Robin Williams, Adolf Hitler, Curt Cobain samobójstwo
98%
Paul Walker, księżna Diana, Ayrton Senna wypadek samochodowy
77%
Mahatma Gandhi, Franciszek Ferdynand, Martin Luther King zamach
72%
Św Piotr, Polikrates, Jezus Chrystus ukrzyżowanie
68%
Steve Jobs, Józef Piłsudski, Hugo Chavez nowotwór
52%
Jerzy Popiełuszko, Zdzisław Beksiński, Lew Trocki morderstwo
49%
River Phoenix, Marilyn Monroe, Heath Ledger przedawkowanie
45%
Fryderyk Chopin, Juliusz Słowacki, Zygmunt Krasiński gruźlica
44%
Stanisław Wyspiański, Freddie Mercury, Zygmunt August choroba weneryczna
43%
Joanna D'arc, Giordano Bruno, Jan Hus spalenie
30%
James Gandolfini, Elvis Presley, Jan Sobieski atak serca
18%
Sokrates, Hermann Goering, cesarz Klaudiusz połknięcie trucizny
15%
Kleopatra, Ragnar Lothbrok, Severus Snape ugryzienie przez węża
15%
Whitney Houston, Ferdynand Barbarossa, Jack Dawson utonięcie
15%
Witold Pilecki, Ławrientij Beria, Mikołaj II Romanow rozstrzelanie
12%
Nie znaleziono quizów pasujących do podanych kryteriów
Rozkład punktacji
Procent ludzi z każdym wynikiem
Percentyl według liczby udzielonych odpowiedzi
Twoja historia wyników
Nie rozwiązałeś tego quizu